000 00693nam a22002177a 4500
003 UA-OsUOA
001 36261
007 ta
008 20060120b un ||||| |||| 00| 0 ukr d
100 _aЧорнобривець О.
090 _a32
942 _cSA
040 _aUA-OsUOA
_bukr
_cUA-OsUOA
_dUA-OsUOA
245 _aХто поставить останню крапку над "і" у політичній реформі, або чи сумнівається Ющенко в легітимності свого обрання Президентом?
300 _aС.2
955 _a0
041 _aukr
080 _a32
773 0 _w36260
650 7 _a32 Політика
_2UDC
999 _c322502
_d322502